| 000 | 00934nac a22002777a 4500 | ||
|---|---|---|---|
| 001 | BR9904472 | ||
| 003 | BR-BrBNA | ||
| 005 | 20240105122307.0 | ||
| 008 | 230509b bl.|||m| |||| 00| 0 por d | ||
| 040 |
_aBR-BrBNA _bpor _cBiblioteca Nacional de Agricultura |
||
| 072 | _aH10 | ||
| 090 | _a1105 BR9904472 | ||
| 100 | 1 | _aSobrinho, R.B. | |
| 100 | 1 | _aMesquita, A.L.M. | |
| 100 | 1 | _aBandeira, C.T. | |
| 110 | 1 | _aCentro Nacional de Pesquisa de Agroindustria Tropical, Fortaleza, CE (Brasil) | |
| 245 | 1 | _aAlternativas tecnologicas para o controle de pragas do fruto da gravioleira | |
| 260 | 3 |
_aFortaleza, CE (Brasil): _c1998. |
|
| 300 | _a2 p. | ||
| 490 |
_aPesquisa em Andamento - Centro Nacional de Pesquisa de Agroindustria Tropical (Brazil) _vno. 40 _x |
||
| 650 | _aGraviola | ||
| 650 | _aPraga de Planta | ||
| 650 | _aControle Integrado | ||
| 909 |
_a202312 _bLúcia Elande _c55 _dLúcia Elande |
||
| 942 |
_2AGRIS _n0 _cMS |
||
| 999 |
_c290253 _d290253 |
||